Life and conditions of the people of Hindūstān (1200-1550 A.D.) : (Record no. 130573)
[ view plain ]
| 000 -LEADER | |
|---|---|
| fixed length control field | 00826nam a22002297a 4500 |
| 005 - DATE AND TIME OF LATEST TRANSACTION | |
| control field | 20170124110113.0 |
| 010 ## - LIBRARY OF CONGRESS CONTROL NUMBER | |
| LC control number | B-035195 |
| 020 ## - INTERNATIONAL STANDARD BOOK NUMBER | |
| Terms of availability | 00.00 |
| International Standard Book Number | 8121207053 |
| 035 ## - SYSTEM CONTROL NUMBER | |
| System control number | B-035195 |
| 037 ## - SOURCE OF ACQUISITION | |
| Source of stock number/acquisition | Cen Lib/Ret |
| 040 ## - CATALOGING SOURCE | |
| Original cataloging agency | DPL |
| Language of cataloging | EN |
| 082 ## - DEWEY DECIMAL CLASSIFICATION NUMBER | |
| Classification number | 954.021 |
| Item number | KUN |
| 100 ## - MAIN ENTRY--PERSONAL NAME | |
| Personal name | Kunwar Muhammad Ashraf |
| 9 (RLIN) | 29534 |
| 245 ## - TITLE STATEMENT | |
| Title | Life and conditions of the people of Hindūstān (1200-1550 A.D.) : |
| Statement of responsibility, etc | by Kunwar Muhammad Ashraf |
| Remainder of title | mainly based onIslamic sources Author : Ashraf, Kunwar Muhammad, 1903-1962 / |
| 260 ## - PUBLICATION, DISTRIBUTION, ETC. (IMPRINT) | |
| Name of publisher, distributor, etc | Gyan Publishing House |
| Date of publication, distribution, etc | 2000 |
| Place of publication, distribution, etc | New Delhi |
| 270 ## - ADDRESS | |
| Address | 5, Ansari Road, Darya Ganj |
| City | New Delhi |
| Postal code | 110002 |
| 300 ## - PHYSICAL DESCRIPTION | |
| Extent | 351p. |
| Dimensions | 21cm(Hb) |
| 500 ## - GENERAL NOTE | |
| General note | Includes index |
| 650 ## - SUBJECT ADDED ENTRY--TOPICAL TERM | |
| Topical term or geographic name as entry element | India -- History -- 1000-1526 |
| 9 (RLIN) | 26958 |
| 650 ## - SUBJECT ADDED ENTRY--TOPICAL TERM | |
| Topical term or geographic name as entry element | Mogul Empire -- History |
| 9 (RLIN) | 27158 |
| 942 ## - ADDED ENTRY ELEMENTS (KOHA) | |
| Source of classification or shelving scheme | Dewey Decimal Classification |
| Koha item type | English Books |
| Classification part | 954.021 |
| Call number suffix | KUN |
| Withdrawn status | Lost status | Damaged status | Not for loan | Home library | Current library | Date acquired | Source of acquisition | Cost, normal purchase price | Total Checkouts | Full call number | Barcode | Date last seen | Copy number | Cost, replacement price | Price effective from | Koha item type | Source of classification or shelving scheme | Collection code |
|---|---|---|---|---|---|---|---|---|---|---|---|---|---|---|---|---|---|---|
| Central Library | Central Library | 09/07/2015 | Cen Lib/Ret | 0.00 | 954.021 KUN | B-035195 | 09/07/2015 | 1 | 0.00 | 09/07/2015 | English Books | |||||||
| Sarojini Nagar | Sarojini Nagar | 08/02/2019 | 954.021 KUN | B-035197 | 08/02/2019 | 08/02/2019 | English Books | Dewey Decimal Classification | Non-fiction |
